| 000 | 00817nam a2200193Ia 4500 | ||
|---|---|---|---|
| 005 | 20241209082022.0 | ||
| 008 | 130821s1978 ck grmm spa | ||
| 040 |
_aCo-BoUCM _bspa _cSandra Yazo (modificó) _dSandra Yazo (modificó) |
||
| 041 | _aspa | ||
| 092 |
_aTE 338.476292 _bM15 _21978 |
||
| 100 |
_aMaldonado Bernal, Guillermo _9183968 |
||
| 245 |
_aEstudio económico de una planta de fundición de motores para la industria automotriz _cGuillermo Maldonado Bernal |
||
| 260 |
_aBogotá (Colombia) _bUniversidad del Rosario _c1978 |
||
| 300 | _a91 páginas | ||
| 502 | _aTesis (Economista). -- Colegio Mayor de Nuestra Señora del Rosario, Facultad de Economia, 1978. | ||
| 650 | 0 | 4 |
_aEconomía _9174 |
| 650 | 0 | 4 |
_aIndustria automotriz _917376 |
| 942 |
_2DEWEY _a7 _e1 _h338.476292 _mM15 _cTESIS _n0 |
||
| 999 |
_c9815 _d9815 |
||